000 00854cab a2200253 4500
001 ABS43112
008 090401t1990 xxu||||| |||| 00| 0 eng d
035 _a(Sirsi) u40474
041 _aeng
100 _aKarshenas, S.
245 _aEconomic optimization of construction project scheduling
260 _c1990
350 _a0
490 _aConstruction Management & Economics
_v(8) Summer 1990, 135-146 (12)
520 _aCurrent project planning techniques are critically discussed. The authors introduce a new method based on the principle of resource use Two examples of project schedule optimisation using mathematical models are given.
650 _aBUILT ENVIRONMENT
650 _aCPM
650 _aPERT
650 _aSCHEDULING
690 _aProject management
_96261
700 _aHaber, D.
942 _n0
948 _c04/03/1997
999 _c25937
_d25937